000 00885pam a2200301 i 4500
001 3645084
003 GBCCL
005 20241126110345.0
008 760301s1976 nyuaf b 000 0 eng
010 _a 75036751
020 _a006065399X :
_c$6.95
035 _a(OCoLC)ocn685642955
035 _a3645084
040 _aDLC
_cDLC
_dYUS
049 _aYUTH
050 0 _aBR165
_b.M26 1976
082 _a270.1
_bMAI
100 1 _aMaier, Paul L.
_9964
245 1 0 _aFirst Christians :
_bPentecost and the spread of Christianity /
_cPaul L. Maier.
250 _a1st ed.
260 _aNew York :
_bHarper & Row,
_cc1976.
300 _a160 p., [2] leaves of plates :
_bill. ;
_c22 cm.
504 _aIncludes bibliographical references.
650 0 _aChurch history
_yPrimitive and early church, ca. 30-600.
_9965
942 _2ddc
_cBK
_07
947 _aFJC9211
948 _aOCLC RECON
999 _c738
_d738